مكتبة جامعة عجلون الوطنية

فهرس بحث المكتبة

Normal view MARC view
  • Scott, Jr, David F, John D. Martin, J. William Petty, Arthur J. Keown

Entry Personal Name

Number of records used in: 1

001 - CONTROL NUMBER

  • control field: 6795

003 - CONTROL NUMBER IDENTIFIER

  • control field: JO-AjAnu

005 - DATE AND TIME OF LATEST TRANSACTION

  • control field: 20230606071412.0

008 - FIXED-LENGTH DATA ELEMENTS

  • fixed length control field: 230606|| aca||aabn | a|a d

040 ## - CATALOGING SOURCE

  • Original cataloging agency: JO-AjAnu
  • Transcribing agency: JO-AjAnu

100 ## - HEADING--PERSONAL NAME

  • Personal name: Scott, Jr, David F, John D. Martin, J. William Petty, Arthur J. Keown

670 ## - SOURCE DATA FOUND

  • Source citation: Work cat.: (JO-AjAnu)3522: Scott, Jr, David F, John D. Martin, J. William Petty, Arthur J. Keown , author, Basic Financial Management